[Event "Panevezys op-C"]
[Site "Panevezys"]
[Date "2022.07.02"]
[Round "4"]
[White "Baraniuk, Andrej"]
[Black "Venckevicius, Justas"]
[Result "0-1"]
[WhiteElo "1438"]
[BlackElo "1597"]
[PlyCount "114"]
[EventDate "2022.07.01"]
[EventType "swiss"]
[EventRounds "7"]
[EventCountry "LTU"]
[SourceTitle "EXT 2023"]
[Source "ChessBase"]
[SourceDate "2022.10.05"]
[SourceVersion "1"]
[SourceVersionDate "2022.10.05"]
[SourceQuality "1"]

1. e4 c6 2. d4 d5 3. Nc3 dxe4 4. Nxe4 Nf6 5. Ng3 Bg4 6. Be2 Bxe2 7. N1xe2 e6 8. 0-0 Bd6 9. Bf4 Qc7 10. Bxd6 Qxd6 11. Re1 Nbd7 12. c4 h5 13. Nc3 Qf4 14. f3 0-0-0 15. Nge4 Nxe4 16. Nxe4 Nf6 17. Qd3 Nxe4 18. Rxe4 Qf6 19. Rd1 Rd7 20. Qe3 Kb8 21. Kf2 g5 22. Kg1 Rhd8 23. Re5 Rg8 24. d5 exd5 25. cxd5 Rxd5 26. Rdxd5 cxd5 27. Rxd5 Qxb2 28. Qe5+ Qxe5 29. Rxe5 f6 30. Re6 Rf8 31. Kf2 Kc7 32. Kg3 Kd7 33. Re2 b5 34. h4 Kd6 35. f4 gxf4+ 36. Kxf4 a5 37. g4 hxg4 38. Kxg4 f5+ 39. Kf4 Rh8 40. Kg5 f4 41. h5 b4 42. h6 f3 43. Rf2 Rg8+ 44. Kf5 Rf8+ 45. Kg4 Rh8 46. Kg5 Rg8+ 47. Kf6 Rg2 48. Rxf3 Rxa2 49. Rh3 Rc2 50. h7 Rc8 51. Kg7 a4 52. h8Q Rxh8 53. Kxh8 b3 54. Rh4 b2 55. Rb4 a3 56. Rd4+ Kc5 57. Rd2 b1Q 0-1

[Event "LTU-chT"]
[Site "Lithuania"]
[Date "2021.05.08"]
[Round "3.3"]
[White "Venckevicius, Justas"]
[Black "Morkunas, Gustas"]
[Result "1/2-1/2"]
[WhiteElo "1582"]
[BlackElo "1722"]
[PlyCount "44"]
[EventDate "2021.05.07"]
[EventType "team-swiss"]
[EventRounds "7"]
[EventCountry "LTU"]
[SourceTitle "CBM 202 Extra"]
[Source "ChessBase"]
[SourceDate "2021.07.31"]
[SourceVersion "1"]
[SourceVersionDate "2021.07.31"]
[SourceQuality "1"]
[WhiteTeam "Siauliai Dubysa"]
[BlackTeam "Kaunas Margiris"]
[WhiteTeamCountry "LTU"]
[BlackTeamCountry "LTU"]

1. e4 c5 2. Nc3 a6 3. Bc4 e6 4. d3 Qc7 5. a4 b6 6. f4 d6 7. Nf3 Nc6 8. 0-0 Nf6 9. f5 Ne5 10. Nxe5 dxe5 11. fxe6 fxe6 12. Bg5 Be7 13. Bxf6 Bxf6 14. Qg4 Qe7 15. Rf3 0-0 16. Raf1 Ra7 17. Ne2 Kh8 18. Ng3 Qe8 19. Nh5 Raf7 20. Rg3 Bg5 21. Rxf7 Qxf7 22. Rf3 Bf6 1/2-1/2

[Event "LTU-chT Rapid"]
[Site "Panevezys"]
[Date "2019.11.23"]
[Round "1.7"]
[White "Venckevicius, Justas"]
[Black "Stremavicius, Pijus"]
[Result "0-1"]
[WhiteElo "1753"]
[BlackElo "2165"]
[PlyCount "84"]
[EventDate "2019.11.23"]
[EventType "team-swiss (rapid)"]
[EventRounds "8"]
[EventCountry "LTU"]
[SourceTitle "EXT 2023"]
[Source "ChessBase"]
[SourceDate "2022.10.05"]
[SourceVersion "1"]
[SourceVersionDate "2022.10.05"]
[SourceQuality "1"]

1. e4 g6 2. d4 Nf6 3. Nc3 d5 4. exd5 Nxd5 5. Nxd5 Qxd5 6. Nf3 Bg7 7. c3 0-0 8. Be2 b6 9. 0-0 Bb7 10. Bf4 c5 11. dxc5 Qxc5 12. Be3 Qc7 13. Qc2 Nc6 14. Rfd1 e5 15. Bf1 Rae8 16. Qd2 Rd8 17. Qc2 Nb4 18. Qb3 Nd5 19. c4 Nxe3 20. Qxe3 h6 21. Rac1 f5 22. Ne1 f4 23. Qb3 Kh8 24. Rxd8 Rxd8 25. Rd1 Rxd1 26. Qxd1 e4 27. b3 Kh7 28. Nc2 Qf7 29. g3 g5 30. Qd6 Bf8 31. Qe5 Bc5 32. b4 Bxf2+ 33. Kxf2 fxg3+ 34. Ke2 Qf2+ 35. Kd1 Qxf1+ 36. Kd2 g2 37. Qe7+ Kg6 38. Qxb7 Qd3+ 39. Kc1 g1Q+ 40. Kb2 Qf2 41. Qc6+ Qf6+ 42. Qxf6+ Kxf6 0-1

[Event "Plunge op-B 39th"]
[Site "Plateliai"]
[Date "2019.07.18"]
[Round "6"]
[White "Venckevicius, Justas"]
[Black "Bosikis, Titas"]
[Result "1/2-1/2"]
[WhiteElo "1584"]
[BlackElo "1205"]
[PlyCount "98"]
[EventDate "2019.07.15"]
[EventType "swiss"]
[EventRounds "9"]
[EventCountry "LTU"]
[SourceTitle "EXT 2020"]
[Source "ChessBase"]
[SourceDate "2019.10.17"]
[SourceVersion "1"]
[SourceVersionDate "2019.10.17"]
[SourceQuality "1"]

1. e4 e5 2. Nc3 Bc5 3. g3 d6 4. Bg2 Nf6 5. h3 Nc6 6. Nge2 a5 7. 0-0 0-0 8. d3 Be6 9. Kh2 d5 10. Bg5 d4 11. Nb1 Ng4+ 12. hxg4 Qxg5 13. f3 h5 14. gxh5 Qxh5+ 15. Kg1 g5 16. Kf2 g4 17. Rh1 Qg5 18. f4 exf4 19. gxf4 g3+ 20. Kg1 Qg7 21. Rh5 Be7 22. f5 Bd7 23. Rh3 Bd6 24. Qe1 Qg5 25. Nxg3 Qe3+ 26. Qxe3 dxe3 27. c3 Ne5 28. Bf1 Nf3+ 29. Kg2 Ne1+ 30. Kh1 Nc2 31. d4 Bxg3 32. Rxg3+ Kh7 33. Bd3 e2 34. Bxe2 Nxa1 35. Na3 Rg8 36. Rh3+ Kg7 37. Rg3+ Kf8 38. Rf3 Ke7 39. f6+ Kd8 40. Rf1 c6 41. Rxa1 Kc7 42. Rg1 Rh8+ 43. Kg2 Rag8+ 44. Kf1 Bh3+ 45. Kf2 Rxg1 46. Kxg1 Rg8+ 47. Kf2 Bg4 48. Bc4 Bh5 49. Nc2 Bg6 1/2-1/2

[Event "Plunge op-B 38th"]
[Site "Plateliai"]
[Date "2018.07.19"]
[Round "6"]
[White "Saunoriute, Milda"]
[Black "Venckevicius, Justas"]
[Result "1/2-1/2"]
[WhiteElo "1576"]
[BlackElo "1570"]
[PlyCount "52"]
[EventDate "2018.07.16"]
[EventType "swiss"]
[EventRounds "9"]
[EventCountry "LTU"]
[SourceTitle "EXT 2019"]
[Source "ChessBase"]
[SourceDate "2018.10.10"]
[SourceVersion "1"]
[SourceVersionDate "2018.10.10"]
[SourceQuality "1"]

1. e4 c6 2. d4 d5 3. exd5 cxd5 4. Bd3 Nf6 5. h3 g6 6. Bf4 Nc6 7. c3 Bf5 8. Bxf5 gxf5 9. Nf3 Rg8 10. Nbd2 Ne4 11. Nxe4 fxe4 12. Ne5 Nxe5 13. Bxe5 Bh6 14. Qh5 Qb6 15. Rb1 Qa6 16. Rd1 Rg5 17. Qe2 Qxe2+ 18. Kxe2 Rg6 19. g4 0-0-0 20. Bg3 e6 21. f4 Bf8 22. Rdf1 f5 23. g5 Bd6 24. h4 Rdg8 25. Rfg1 Kd7 26. Ke3 R6g7 1/2-1/2

[Event "Plunge op-B 38th"]
[Site "Plateliai"]
[Date "2018.07.18"]
[Round "4"]
[White "Venckevicius, Justas"]
[Black "Rackauskas, Karolis"]
[Result "1/2-1/2"]
[WhiteElo "1570"]
[BlackElo "1578"]
[PlyCount "43"]
[EventDate "2018.07.16"]
[EventType "swiss"]
[EventRounds "9"]
[EventCountry "LTU"]
[SourceTitle "EXT 2019"]
[Source "ChessBase"]
[SourceDate "2018.10.10"]
[SourceVersion "1"]
[SourceVersionDate "2018.10.10"]
[SourceQuality "1"]

1. e4 c6 2. d4 d5 3. f3 e5 4. exd5 Qxd5 5. dxe5 Qxe5+ 6. Qe2 Bd6 7. Bf4 Qxe2+ 8. Nxe2 Bxf4 9. Nxf4 Bf5 10. Bd3 Bxd3 11. Nxd3 Nd7 12. Nc3 Ngf6 13. 0-0-0 0-0-0 14. Rhe1 Rhe8 15. Nf2 Nc5 16. Rxd8+ Kxd8 17. Rxe8+ Kxe8 18. Kd2 Kd7 19. Ke3 Kd6 20. Nfe4+ Nfxe4 21. Nxe4+ Nxe4 22. Kxe4 1/2-1/2

[Event "Plunge op-B 38th"]
[Site "Plateliai"]
[Date "2018.07.17"]
[Round "2"]
[White "Griksaite, Leva"]
[Black "Venckevicius, Justas"]
[Result "0-1"]
[WhiteElo "1177"]
[BlackElo "1570"]
[PlyCount "88"]
[EventDate "2018.07.16"]
[EventType "swiss"]
[EventRounds "9"]
[EventCountry "LTU"]
[SourceTitle "EXT 2019"]
[Source "ChessBase"]
[SourceDate "2018.10.10"]
[SourceVersion "1"]
[SourceVersionDate "2018.10.10"]
[SourceQuality "1"]

1. e4 c6 2. d4 d5 3. exd5 cxd5 4. Bd3 Nf6 5. h3 g6 6. Nf3 Bf5 7. Bxf5 gxf5 8. Bf4 Nc6 9. c3 Rg8 10. 0-0 Ne4 11. Nbd2 e6 12. Qb3 Qd7 13. Nxe4 fxe4 14. Ne5 Nxe5 15. Bxe5 Rc8 16. f3 f5 17. fxe4 dxe4 18. Rxf5 Rxg2+ 19. Kxg2 exf5 20. Qd1 Rc6 21. Qh5+ Rg6+ 22. Kf2 Qf7 23. Qe2 a6 24. b3 Qg8 25. Qf1 Be7 26. Ke3 Bg5+ 27. Ke2 Qf7 28. Bf4 h6 29. Bxg5 hxg5 30. Re1 f4 31. Kd1 Qf5 32. Qg2 e3 33. Kc1 Rc6 34. c4 Rc7 35. Qf3 Qa5 36. Qe4+ Re7 37. Qg6+ Kd7 38. Re2 f3 39. c5 fxe2 40. Qd6+ Ke8 41. Qg6+ Kd7 42. Qd6+ Kc8 43. Qxe7 Qc3+ 44. Kb1 e1Q# 0-1

[Event "Plunge op-B 38th"]
[Site "Plateliai"]
[Date "2018.07.16"]
[Round "1"]
[White "Venckevicius, Justas"]
[Black "Vaiciunas, Giedrius"]
[Result "1-0"]
[WhiteElo "1570"]
[BlackElo "1039"]
[PlyCount "68"]
[EventDate "2018.07.16"]
[EventType "swiss"]
[EventRounds "9"]
[EventCountry "LTU"]
[SourceTitle "EXT 2019"]
[Source "ChessBase"]
[SourceDate "2018.10.10"]
[SourceVersion "1"]
[SourceVersionDate "2018.10.10"]
[SourceQuality "1"]

1. e4 e6 2. d3 d5 3. Nd2 Nf6 4. g3 dxe4 5. dxe4 c6 6. Bg2 Be7 7. Ngf3 0-0 8. 0-0 Qc7 9. Qe2 b6 10. b3 Bb7 11. Bb2 c5 12. Rfe1 Nc6 13. a3 e5 14. Qc4 Bc8 15. Qc3 Nd4 16. Rad1 Ba6 17. Nc4 Bd6 18. Nxd6 Ne2+ 19. Rxe2 Bxe2 20. Rd2 Bxf3 21. Bxf3 Qe7 22. Qxe5 Qxe5 23. Bxe5 Rad8 24. Nc4 Rxd2 25. Nxd2 Nd7 26. Bf4 f6 27. Nc4 h6 28. Bg4 Nb8 29. Be6+ Kh8 30. Bd5 Rd8 31. Nd6 Kh7 32. Nf5 Nd7 33. Kg2 g5 34. Bd6 Ne5 1-0

[Event "Plunge op 37th"]
[Site "Plateliai"]
[Date "2017.07.23"]
[Round "7"]
[White "Venckevicius, Justas"]
[Black "Praspaliauskas, Matas"]
[Result "1-0"]
[WhiteElo "1564"]
[BlackElo "1019"]
[PlyCount "45"]
[EventDate "2017.07.17"]
[EventType "swiss"]
[EventRounds "9"]
[EventCountry "LTU"]
[SourceTitle "EXT 2019"]
[Source "ChessBase"]
[SourceDate "2018.10.10"]
[SourceVersion "1"]
[SourceVersionDate "2018.10.10"]
[SourceQuality "1"]

1. e4 e5 2. Nc3 Nf6 3. f4 exf4 4. Nf3 Nc6 5. d4 Bb4 6. Qd3 Qe7 7. e5 Nd5 8. a3 Nxc3 9. bxc3 Ba5 10. Bxf4 d6 11. Be2 Bg4 12. 0-0 Bxf3 13. Bxf3 dxe5 14. Bxc6+ bxc6 15. Bxe5 f6 16. Rae1 0-0 17. Bxf6 Qxa3 18. Qg3 Rf7 19. Be5 Qxc3 20. Re3 Qc4 21. Ref3 Raf8 22. Qxg7+ Rxg7 23. Rxf8# 1-0

[Event "Plunge op 37th"]
[Site "Plateliai"]
[Date "2017.07.21"]
[Round "5"]
[White "Vainauskas, Haroldas"]
[Black "Venckevicius, Justas"]
[Result "1/2-1/2"]
[WhiteElo "1315"]
[BlackElo "1564"]
[PlyCount "87"]
[EventDate "2017.07.17"]
[EventType "swiss"]
[EventRounds "9"]
[EventCountry "LTU"]
[SourceTitle "EXT 2019"]
[Source "ChessBase"]
[SourceDate "2018.10.10"]
[SourceVersion "1"]
[SourceVersionDate "2018.10.10"]
[SourceQuality "1"]

1. d4 d5 2. Bf4 Bf5 3. e3 Nf6 4. Nf3 e6 5. Bd3 Bxd3 6. Qxd3 c6 7. c3 Bd6 8. Bg3 Bxg3 9. hxg3 Nbd7 10. Nbd2 Qb6 11. 0-0-0 c5 12. Rdf1 h6 13. Ne5 Nxe5 14. dxe5 Nd7 15. f4 c4 16. Qe2 Nc5 17. Nf3 Ne4 18. Rh3 Qa6 19. Kb1 Qb6 20. Kc1 Qa5 21. Kb1 0-0-0 22. Nd4 Qb6 23. Ka1 Qc7 24. Nb5 Qd7 25. Nd4 f6 26. f5 exf5 27. exf6 Nxf6 28. Rxf5 Rhe8 29. g4 Re4 30. g5 Nh7 31. g6 Ng5 32. Rg3 Qd6 33. Rg4 Qxg6 34. Rff4 Rde8 35. Rxe4 Rxe4 36. Rf4 Ne6 37. Rxe4 Qxe4 38. Nb5 Kb8 39. Qf2 a6 40. Qg3+ Ka8 41. Nd6 Qc2 42. a3 Nc5 43. Qxg7 Qd1+ 44. Ka2 1/2-1/2

[Event "LTU-ch U16"]
[Site "Kaunas"]
[Date "2017.04.06"]
[Round "2"]
[White "Mockus, Dziugas"]
[Black "Venckevicius, Justas"]
[Result "1/2-1/2"]
[WhiteElo "1580"]
[BlackElo "1517"]
[PlyCount "85"]
[EventDate "2017.04.05"]
[EventType "swiss"]
[EventRounds "7"]
[EventCountry "LTU"]
[SourceTitle "CBM 177 Extra"]
[Source "ChessBase"]
[SourceDate "2017.04.27"]
[SourceVersion "1"]
[SourceVersionDate "2017.04.27"]
[SourceQuality "1"]

1. e4 c6 2. d4 d5 3. exd5 cxd5 4. Bd3 Nc6 5. c3 Nf6 6. Ne2 Bg4 7. f3 Bh5 8. 0-0 Bg6 9. Bf4 Bxd3 10. Qxd3 e6 11. Nd2 Bd6 12. Bg3 0-0 13. f4 Ne7 14. Nf3 Nf5 15. Nh4 Nxh4 16. Bxh4 g6 17. g4 Be7 18. Bxf6 Bxf6 19. f5 Qd7 20. Ng3 Kg7 21. Qd2 exf5 22. gxf5 Qd6 23. Qg2 Kh8 24. Kh1 Rae8 25. Rae1 Bh4 26. fxg6 fxg6 27. Rxf8+ Rxf8 28. Re5 Rd8 29. Qe2 Qd7 30. Kg2 Rf8 31. h3 Qf7 32. Re3 Qf4 33. Rf3 Qxf3+ 34. Qxf3 Rxf3 35. Kxf3 Bxg3 36. Kxg3 Kg7 37. Kf4 Kf6 38. a4 b6 39. b3 h6 40. c4 Ke6 41. a5 Kd6 42. axb6 axb6 43. h4 1/2-1/2

[Event "LTU-ch"]
[Site "Vilnius"]
[Date "2017.03.02"]
[Round "8"]
[White "Voronov, Vadim"]
[Black "Venckevicius, Justas"]
[Result "1/2-1/2"]
[WhiteElo "1799"]
[BlackElo "1497"]
[PlyCount "120"]
[EventDate "2017.02.25"]
[EventType "swiss"]
[EventRounds "9"]
[EventCountry "LTU"]
[SourceTitle "CBM 177 Extra"]
[Source "ChessBase"]
[SourceDate "2017.04.27"]
[SourceVersion "1"]
[SourceVersionDate "2017.04.27"]
[SourceQuality "1"]

1. e4 c6 2. d4 d5 3. e5 c5 4. dxc5 Nc6 5. Nf3 e6 6. a3 Bxc5 7. b4 Bb6 8. Bb2 Nge7 9. Bd3 Ng6 10. 0-0 0-0 11. Re1 Bc7 12. Nbd2 b6 13. g3 Bb7 14. h4 Qb8 15. Qe2 Ngxe5 16. Nxe5 Bxe5 17. Bxe5 Nxe5 18. Qxe5 Qc8 19. Qh5 h6 20. g4 e5 21. Rxe5 g6 22. Bxg6 Qc3 23. Rae1 Qxd2 24. Re7 Qxf2+ 25. Kxf2 fxg6+ 26. Kg3 gxh5 27. Rxb7 Rae8 28. Ree7 Rxe7 29. Rxe7 Rc8 30. gxh5 Rc3+ 31. Kf4 Rxa3 32. Kf5 a5 33. Kg6 Rg3+ 34. Kxh6 axb4 35. Rd7 Rg2 36. Rxd5 Rxc2 37. Rg5+ Kh8 38. Rg6 Rc4 39. Rxb6 Kg8 40. Kg5 b3 41. Rb8+ Kh7 42. Rb7+ Kg8 43. Rxb3 Rc5+ 44. Kg4 Rc4+ 45. Kh3 Rc5 46. Rg3+ Kh7 47. Rg5 Rc3+ 48. Kg4 Rc4+ 49. Kh3 Rc3+ 50. Rg3 Rc5 51. Kg4 Rc4+ 52. Kg5 Rc5+ 53. Kf6 Rc6+ 54. Ke7 Rc4 55. Rg5 Kh6 56. Kf6 Rc6+ 57. Ke5 Rc5+ 58. Kf4 Rc4+ 59. Ke5 Rxh4 60. Kf6 Rf4+ 1/2-1/2

[Event "LTU-ch"]
[Site "Vilnius"]
[Date "2017.03.01"]
[Round "7"]
[White "Venckevicius, Justas"]
[Black "Likatavicius, Rapolas"]
[Result "1-0"]
[WhiteElo "1497"]
[BlackElo "1417"]
[PlyCount "37"]
[EventDate "2017.02.25"]
[EventType "swiss"]
[EventRounds "9"]
[EventCountry "LTU"]
[SourceTitle "CBM 177 Extra"]
[Source "ChessBase"]
[SourceDate "2017.04.27"]
[SourceVersion "1"]
[SourceVersionDate "2017.04.27"]
[SourceQuality "1"]

1. e4 d5 2. Nc3 Nf6 3. e5 Nfd7 4. d4 e6 5. f4 c5 6. dxc5 Bxc5 7. Qg4 0-0 8. Nf3 f5 9. Qh3 Nc6 10. Ng5 h6 11. Nxe6 Qe7 12. Nxf8 Qxf8 13. Nxd5 Bb6 14. Nxb6 Nxb6 15. Qb3+ Kh8 16. Be3 Nb4 17. Bxb6 axb6 18. c3 Be6 19. Qxb4 1-0

[Event "LTU-ch"]
[Site "Vilnius"]
[Date "2017.02.26"]
[Round "3"]
[White "Venckevicius, Justas"]
[Black "Pilipuitis, Mantas"]
[Result "0-1"]
[WhiteElo "1497"]
[BlackElo "1433"]
[PlyCount "148"]
[EventDate "2017.02.25"]
[EventType "swiss"]
[EventRounds "9"]
[EventCountry "LTU"]
[SourceTitle "CBM 177 Extra"]
[Source "ChessBase"]
[SourceDate "2017.04.27"]
[SourceVersion "1"]
[SourceVersionDate "2017.04.27"]
[SourceQuality "1"]

1. e4 e5 2. Nc3 Nc6 3. f4 d6 4. Nf3 Nf6 5. Bb5 exf4 6. d4 a6 7. Bxc6+ bxc6 8. Bxf4 Be7 9. 0-0 0-0 10. Qe1 Nh5 11. Bd2 f5 12. e5 f4 13. Ne2 Qe8 14. c3 d5 15. Kh1 Qg6 16. Qf2 Bg4 17. Rad1 Rf7 18. h3 Be6 19. Nfg1 Raf8 20. Qf3 Ng3+ 21. Nxg3 fxg3 22. Qe2 Qc2 23. Rxf7 Rxf7 24. Bc1 Rf2 25. Qxc2 Rxc2 26. Nf3 Rf2 27. Kg1 Bxh3 28. Rd2 Rxd2 29. Bxd2 Bf5 30. Bg5 Bxg5 31. Nxg5 h6 32. Nf3 Kf7 33. Kf1 g5 34. Ke2 g4 35. Nd2 h5 36. Ke3 h4 37. Kf4 Kg6 38. Nf1 Bc8 39. Ne3 Bd7 40. Nxg4 h3 41. Kxg3 hxg2 42. Kxg2 Bxg4 43. Kg3 Bc8 44. Kf4 a5 45. b3 Ba6 46. Ke3 Kf5 47. Kd2 c5 48. Ke3 c4 49. bxc4 Bxc4 50. a3 a4 51. Kf3 Bb5 52. Ke3 Kg4 53. e6 Kf5 54. e7 Ke6 55. Kf4 Kxe7 56. Ke5 c6 57. Kf5 Bd3+ 58. Kg5 Ke6 59. Kf4 Kf6 60. Kg4 Be2+ 61. Kf4 Bd1 62. Ke3 Kf5 63. Kd2 Bh5 64. Ke3 Bg4 65. Kd2 Ke4 66. Kc2 Ke3 67. c4 Kxd4 68. cxd5 cxd5 69. Kd2 Kc4 70. Kc2 d4 71. Kd2 d3 72. Kc1 Kc3 73. Kb1 d2 74. Ka2 Be6+ 0-1

[Event "LTU-ch"]
[Site "Vilnius"]
[Date "2017.02.25"]
[Round "1"]
[White "Venckevicius, Justas"]
[Black "Vicas, Marijus"]
[Result "0-1"]
[WhiteElo "1497"]
[BlackElo "2043"]
[PlyCount "62"]
[EventDate "2017.02.25"]
[EventType "swiss"]
[EventRounds "9"]
[EventCountry "LTU"]
[SourceTitle "CBM 177 Extra"]
[Source "ChessBase"]
[SourceDate "2017.04.27"]
[SourceVersion "1"]
[SourceVersionDate "2017.04.27"]
[SourceQuality "1"]

1. e4 d5 2. Nc3 dxe4 3. Nxe4 Bf5 4. Ng3 Bg6 5. Nf3 Nf6 6. d4 e6 7. Ne5 Bd6 8. Nxg6 hxg6 9. Qd3 Nbd7 10. h3 c5 11. Ne4 Nxe4 12. Qxe4 0-0 13. Be2 Qb6 14. dxc5 Bxc5 15. 0-0 Nf6 16. Qf3 e5 17. Bd3 Rfe8 18. Re1 Qb4 19. c3 Qh4 20. Be4 Nxe4 21. Rxe4 Qf6 22. Qe2 Qc6 23. Bg5 f6 24. Bh4 Rad8 25. Qc2 Qd5 26. Ree1 g5 27. Bg3 Qd3 28. Qb3+ Kh8 29. Qd1 Qxg3 30. Qh5+ Kg8 31. Kh1 Qh4 0-1

[Event "Plunge op 36th"]
[Site "Plateliai"]
[Date "2016.07.24"]
[Round "9"]
[White "Simkunaite, Gabija"]
[Black "Venckevicius, Justas"]
[Result "1/2-1/2"]
[WhiteElo "1635"]
[BlackElo "1460"]
[PlyCount "45"]
[EventDate "2016.07.18"]
[EventType "swiss"]
[EventRounds "9"]
[EventCountry "LTU"]
[SourceTitle "EXT 2018"]
[Source "ChessBase"]
[SourceDate "2017.10.13"]
[SourceVersion "1"]
[SourceVersionDate "2017.10.13"]
[SourceQuality "1"]

1. e4 c6 2. d4 d5 3. exd5 cxd5 4. c4 e6 5. Nf3 Nf6 6. Nc3 h6 7. Be3 Bd6 8. cxd5 exd5 9. Bd3 Be6 10. 0-0 0-0 11. h3 Nbd7 12. Qd2 Nb6 13. Rac1 a6 14. a4 Rc8 15. Qe2 Qd7 16. a5 Nc4 17. Nxd5 Bxd5 18. Bxc4 Bxc4 19. Rxc4 Qb5 20. Rfc1 Rxc4 21. Qxc4 Qxa5 22. Bd2 Qf5 23. Be3 1/2-1/2

[Event "Plunge op 36th"]
[Site "Plateliai"]
[Date "2016.07.23"]
[Round "8"]
[White "Venckevicius, Justas"]
[Black "Barsciauskas, Gintautas"]
[Result "0-1"]
[WhiteElo "1460"]
[BlackElo "1621"]
[PlyCount "73"]
[EventDate "2016.07.18"]
[EventType "swiss"]
[EventRounds "9"]
[EventCountry "LTU"]
[SourceTitle "EXT 2018"]
[Source "ChessBase"]
[SourceDate "2017.10.13"]
[SourceVersion "1"]
[SourceVersionDate "2017.10.13"]
[SourceQuality "1"]

1. e4 e5 2. Nc3 Nc6 3. f4 d6 4. Nf3 Nf6 5. Bb5 Bd7 6. d3 Nd4 7. Nxd4 exd4 8. Bxd7+ Qxd7 9. Ne2 c5 10. Ng3 g6 11. Qf3 Bg7 12. 0-0 0-0 13. f5 Rae8 14. Qf4 h6 15. Qh4 g5 16. Qh3 d5 17. Nh5 Nxh5 18. Qxh5 f6 19. exd5 Qxd5 20. Qf3 Qxf3 21. Rxf3 Re2 22. Rf2 Rfe8 23. Bd2 h5 24. Kf1 Rxf2+ 25. Kxf2 Re5 26. Kg1 Rxf5 27. Re1 Kf7 28. g3 Bf8 29. Kg2 Bd6 30. h3 Rd5 31. g4 h4 32. Kf3 Bg3 33. Re2 b5 34. Be1 Bc7 35. Bd2 a5 36. a3 c4 37. Kg2 0-1

[Event "Plunge op 36th"]
[Site "Plateliai"]
[Date "2016.07.21"]
[Round "5"]
[White "Pluta, Paulius"]
[Black "Venckevicius, Justas"]
[Result "0-1"]
[WhiteElo "1724"]
[BlackElo "1460"]
[PlyCount "60"]
[EventDate "2016.07.18"]
[EventType "swiss"]
[EventRounds "9"]
[EventCountry "LTU"]
[SourceTitle "EXT 2018"]
[Source "ChessBase"]
[SourceDate "2017.10.13"]
[SourceVersion "1"]
[SourceVersionDate "2017.10.13"]
[SourceQuality "1"]

1. e4 c6 2. d4 d5 3. f3 dxe4 4. fxe4 e5 5. Nf3 Bg4 6. Bc4 Qe7 7. 0-0 Bxf3 8. Qxf3 Nf6 9. dxe5 Qxe5 10. Qb3 Bc5+ 11. Kh1 0-0 12. Bf4 Qe7 13. Nc3 b5 14. Bd3 Ng4 15. Nd1 Nd7 16. h3 Qh4 17. Be2 Nf2+ 18. Nxf2 Qxf4 19. Nd3 Qd6 20. Bg4 Ne5 21. Nxe5 Qxe5 22. Rf5 Qd4 23. Raf1 Qe3 24. c3 g6 25. Rxf7 Kh8 26. Rxf8+ Rxf8 27. Rxf8+ Bxf8 28. Qf7 Qe1+ 29. Kh2 Bd6+ 30. g3 Qxg3+ 0-1

[Event "Plunge op 36th"]
[Site "Plateliai"]
[Date "2016.07.20"]
[Round "4"]
[White "Venckevicius, Justas"]
[Black "Viliamas, Dovydas"]
[Result "1-0"]
[WhiteElo "1460"]
[BlackElo "1080"]
[PlyCount "33"]
[EventDate "2016.07.18"]
[EventType "swiss"]
[EventRounds "9"]
[EventCountry "LTU"]
[SourceTitle "EXT 2018"]
[Source "ChessBase"]
[SourceDate "2017.10.13"]
[SourceVersion "1"]
[SourceVersionDate "2017.10.13"]
[SourceQuality "1"]

1. e4 e6 2. d4 d5 3. Nc3 dxe4 4. Nxe4 Nd7 5. Nf3 Ngf6 6. Nxf6+ Nxf6 7. Bd3 Bd7 8. 0-0 Be7 9. c3 0-0 10. Ne5 Bd6 11. f4 Bxe5 12. fxe5 Nd5 13. Qh5 g6 14. Qh6 f6 15. Bxg6 hxg6 16. Qxg6+ Kh8 17. Rf3 1-0

[Event "Plunge op 36th"]
[Site "Plateliai"]
[Date "2016.07.19"]
[Round "3"]
[White "Maciuityte, Greta"]
[Black "Venckevicius, Justas"]
[Result "1-0"]
[WhiteElo "1744"]
[BlackElo "1460"]
[PlyCount "73"]
[EventDate "2016.07.18"]
[EventType "swiss"]
[EventRounds "9"]
[EventCountry "LTU"]
[SourceTitle "EXT 2018"]
[Source "ChessBase"]
[SourceDate "2017.10.13"]
[SourceVersion "1"]
[SourceVersionDate "2017.10.13"]
[SourceQuality "1"]

1. e4 c6 2. d4 d5 3. e5 c5 4. c3 Nc6 5. Nf3 Bg4 6. Be2 cxd4 7. cxd4 e6 8. 0-0 Nge7 9. Nc3 Nf5 10. Be3 Bxf3 11. Bxf3 Qb6 12. Na4 Qb4 13. a3 Qa5 14. b4 Qd8 15. Bg4 Nce7 16. Nc5 Qb6 17. Bg5 h6 18. Be3 g6 19. Rc1 Bg7 20. h3 Rd8 21. Bxf5 Nxf5 22. Qa4+ Ke7 23. Rc3 Bxe5 24. dxe5 d4 25. Rd3 dxe3 26. Rd7+ Rxd7 27. Qxd7+ Kf8 28. fxe3 Qc6 29. Qd8+ Qe8 30. Qf6 Kg8 31. Rd1 Kh7 32. Rd7 Rf8 33. Nxe6 Kg8 34. Nxf8 Qxf8 35. Rd8 Nxe3 36. Rxf8+ Kxf8 37. Qh8+ 1-0